Southville International School and Colleges
Your cart is empty.
  • Cart
  • Lists
    Public lists Eva Luna New books Lux_list list_1
    Your lists Log in to create your own lists
  • Log in to your account
  • Your cookies
  • Search history
Southville International School and Colleges
  • Advanced search
  • Recent comments
  • Most popular
  • Libraries

Log in to your account

Log in with GOOGLE


If you do not have an external account, but do have a local account, you can still log in:

  1. Home
  2. MARC view: Which lizard disappears? :
Normal view MARC view ISBD view

Which lizard disappears? : (Record no. 112291)

[ view plain ]
MARC details
000 -LEADER
fixed length control field 00396nam a2200145 a 4500
005 - DATE AND TIME OF LATEST TRANSACTION
control field 20140414131933.0
008 - FIXED-LENGTH DATA ELEMENTS--GENERAL INFORMATION
fixed length control field 110112s19uu xx 00 eng d
050 ## - LIBRARY OF CONGRESS CALL NUMBER
Classification number REF 520
Item number C16 2002
245 ## - TITLE STATEMENT
Title Which lizard disappears? :
Remainder of title Reptiles and birds.
260 ## - PUBLICATION, DISTRIBUTION, ETC. (IMPRINT)
Place of publication, distribution, etc Nashville, Tennessee :
Name of publisher, distributor, etc Miles Kelly,
Date of publication, distribution, etc 2004.
440 ## - SERIES STATEMENT/ADDED ENTRY--TITLE
Title Ask me why
650 ## - SUBJECT ADDED ENTRY--TOPICAL TERM
Topical term or geographic name as entry element Reptiles
General subdivision
650 ## - SUBJECT ADDED ENTRY--TOPICAL TERM
Topical term or geographic name as entry element Birds
Holdings
Withdrawn status Lost status Damaged status Home library Current library Shelving location Date acquired Total Checkouts Full call number Barcode Date last seen Price effective from Koha item type
      Munich Library Munich Library Reference Section 01/12/2011   REF 520 C16 2002 M3528 04/14/2014 04/14/2014 Books

Which lizard disappears? :

APA

(2004). Which lizard disappears?. Nashville, Tennessee: Miles Kelly.

Chicago

2004. Which lizard disappears?. Nashville, Tennessee: Miles Kelly.

Harvard

(2004). Which lizard disappears?. Nashville, Tennessee: Miles Kelly.

MLA

Which lizard disappears?. Nashville, Tennessee: Miles Kelly. 2004.

  • Place hold
  • Print
  • Cite
  • Add to your cart (remove)
  • Save record
    BIBTEX Dublin Core MARCXML MARC (non-Unicode/MARC-8) MARC (Unicode/UTF-8) MARC (Unicode/UTF-8, Standard) MODS (XML) RIS
  • More searches
    Search for this title in:
    Other Libraries (WorldCat) Other Databases (Google Scholar) Online Stores (Bookfinder.com) Open Library (openlibrary.org)

Exporting to Dublin Core...

SOUTHVILLE LIBRARY

Southville International School and Colleges Library

1281 Tropical Ave. Cor. Luxembourg St., BF Homes International, Las Pinas City

Tel. No. 8256374 / 252358 Loc. 117/146

Powered by Koha